000 00839 a2200265 4500
003 OSt
005 20180116182709.0
008 160819b xxu||||| |||| 00| 0 eng d
020 _a0071168303
020 _a9780071168304
040 _c0
082 _a658.8 MAR 2000
100 1 _aBerkowitz, Eric N.
245 1 0 _aMarketing
_cEric N. Berkowitz.
260 _a[S.l.] :
_bMcGraw-Hill Education,
_c2000
300 _a747 p.
_bPB
440 _aMarketing
490 1 _aMcgraw-hill international editions.
500 _aImport.
500 _aPaperback.
830 0 _aMcgraw-hill international editions.
856 4 0 _3Amazon.com
_uhttp://www.amazon.com/exec/obidos/ASIN/0071168303/chopaconline-20
856 4 0 _3Amazon customer reviews
_uhttp://www.chopac.org/cgi-bin/tools/azrev.pl?q=0071168303
942 _aNBS
_cBK
_k658.8 MAR
_2ddc
999 _c344290
_d344290